Geography Quiz

Random Geography or Flags Quiz
Score 0/20 Timer 04:00
0 Plays Today
% Correct
Denmark
89.5%
Norway
89.2%
Finland
88.8%
Iceland
88.1%
Sweden
87.9%
Turkey
87.4%
Switzerland
85.9%
Greece
84.8%
Algeria
84.6%
Pakistan
81.9%
% Correct
Tunisia
81.1%
Georgia
79.3%
United Kingdom
76.3%
Azerbaijan
75.7%
Malaysia
72.2%
Libya
71.9%
Mauritania
68.6%
Singapore
66.3%
Uzbekistan
60.5%
Tonga
54.6%
Remove Ads.
Support Sporcle.
Get the best of Sporcle when you Go Orange. This ad-free experience offers more features, more stats, and more fun while also helping to support Sporcle. Thank you for becoming a member.

You're not logged in!

Compare scores with friends on all Sporcle quizzes.
OR
Log In

Show Comments

Extras

Top Quizzes Today


Score Distribution

Your Account Isn't Verified!

In order to create a playlist on Sporcle, you need to verify the email address you used during registration. Go to your Sporcle Settings to finish the process.

Report this User

Report this user for behavior that violates our Community Guidelines.

Details: